[Event "World Senior Teams +65"]
[Site "Radebeul GER"]
[Date "2016.06.26"]
[Round "1.18"]
[Board "1"]
[White "Pamperin, Gerhard"]
[Black "Lehmann, Karl-Heinz"]
[Result "1/2-1/2"]
[WhiteElo "1936"]
[BlackElo "2108"]
[WhiteTeam "Rochade MV"]
[BlackTeam "Stiftung BSW / DBAG I"]
[WhiteFideId "24651354"]
[BlackFideId "4617576"]
[EventDate "2016.06.26"]

1. d4 Nf6 2. Nf3 e6 3. c4 Bb4+ 4. Bd2 Qe7 5. Nc3 b6 6. e3 Bb7 7. Bd3 O-O 8. O-O
d6 9. Re1 Nbd7 10. a3 Bxc3 11. Bxc3 Ne4 12. Bxe4 Bxe4 13. Nd2 Bg6 14. e4 e5 15.
Re3 c5 16. dxc5 dxc5 17. Qc2 Rad8 18. Rae1 f6 19. Nf1 Nb8 20. Rd3 Rxd3 21. Qxd3
Rd8 22. Qc2 Qd7 23. Ne3 Nc6 24. Nd5 Nd4 25. Bxd4 exd4 26. Qb3 Re8 27. f3 Qd6 28.
Qd1 Qe5 29. f4 Qd6 30. Qf3 Bf7 31. Kf2 Qd7 32. Qg3 Bxd5 33. exd5 Rxe1 34. Kxe1
Qf5 35. Kd2 Qb1 36. Qb3 Qf1 37. Qf3 Qxc4 38. d6 Qb5 39. Qd5+ Kf8 40. d7 Qxb2+
41. Kd1 Qb1+ 42. Kd2 Qb2+ 43. Kd1 Qb1+ 44. Ke2 Qc2+ 45. Kf3 Qd3+ 46. Kg4 Qg6+
47. Kf3 Qd3+ 1/2-1/2

[Event "World Senior Teams +65"]
[Site "Radebeul GER"]
[Date "2016.06.26"]
[Round "1.18"]
[Board "2"]
[White "Kugelmann, Werner"]
[Black "Jung, Werner"]
[Result "1/2-1/2"]
[WhiteElo "2144"]
[BlackElo "1973"]
[WhiteTeam "Stiftung BSW / DBAG I"]
[BlackTeam "Rochade MV"]
[WhiteFideId "4671856"]
[BlackFideId "24669458"]
[EventDate "2016.06.26"]

1. e4 d5 2. exd5 Nf6 3. d4 Nxd5 4. Nf3 Bf5 5. a3 e6 6. c4 Nf6 7. Nc3 Be7 8. Qb3
b6 9. Be3 O-O 10. Be2 Nbd7 11. Rd1 Qc8 12. O-O c5 13. d5 exd5 14. cxd5 Bd6 15.
Nb5 Bb8 16. a4 a6 17. Nc3 Bd6 18. Nh4 Bg6 19. Nxg6 hxg6 20. Rfe1 Qc7 21. g3 Rfe8
22. Nb1 Ne4 23. Nd2 Nxd2 24. Bxd2 Nf6 25. Bf1 Ne4 26. Bc1 Re7 27. f3 Nf6 28.
Rxe7 Bxe7 29. Re1 Bd6 30. Kg2 Qb7 31. Bc4 Rb8 32. Be2 b5 1/2-1/2

[Event "World Senior Teams +65"]
[Site "Radebeul GER"]
[Date "2016.06.26"]
[Round "1.18"]
[Board "3"]
[White "Krieg, Peter"]
[Black "Baumbach, Friedrich"]
[Result "0-1"]
[BlackTitle "FM"]
[WhiteElo "1908"]
[BlackElo "2193"]
[WhiteTeam "Rochade MV"]
[BlackTeam "Stiftung BSW / DBAG I"]
[WhiteFideId "24689394"]
[BlackFideId "4611721"]
[EventDate "2016.06.26"]

1. e4 c5 2. g3 d5 3. exd5 Qxd5 4. Qf3 Qe5+ 5. Qe3 Qd6 6. Nc3 Nf6 7. Bg2 e6 8.
Nge2 Be7 9. d4 Na6 10. dxc5 Qc7 11. Qf4 e5 12. Qc4 Nxc5 13. Bg5 Be6 14. Qh4 h6
15. Bxf6 Bxf6 16. Qb4 O-O 17. O-O Be7 18. Rad1 Rab8 19. a4 Nd3 20. Qe4 Nxb2 21.
Nb5 Qc5 22. Rb1 Nc4 23. Rfd1 f5 24. Qd3 a6 25. Nbc3 e4 26. Qd4 Rfc8 27. Qxc5
Bxc5 28. Nf4 Kf7 29. Bf1 Ne5 30. Nxe6 Kxe6 31. Nd5 g5 32. Nb6 Rc6 33. Nc4 Bxf2+
34. Kxf2 Nxc4 35. Rd4 Ne5 36. Rb2 Rbc8 37. c4 Nxc4 38. Rxb7 Ne5 39. Rb2 Rc2+ 40.
Rxc2 Rxc2+ 41. Be2 a5 42. g4 Nxg4+ 0-1

[Event "World Senior Teams +65"]
[Site "Radebeul GER"]
[Date "2016.06.26"]
[Round "1.18"]
[Board "4"]
[White "Fleuch, Hans-Juergen"]
[Black "Kundt, Guenther"]
[Result "1-0"]
[WhiteElo "2078"]
[BlackElo "1717"]
[WhiteTeam "Stiftung BSW / DBAG I"]
[BlackTeam "Rochade MV"]
[WhiteFideId "4619617"]
[BlackFideId "12975346"]
[EventDate "2016.06.26"]

1. e4 c5 2. Nf3 Nc6 3. c3 d5 4. exd5 Qxd5 5. d4 e6 6. Be2 Nf6 7. O-O Be7 8. c4
Qd8 9. dxc5 Bxc5 10. Qxd8+ Kxd8 11. Nc3 a6 12. a3 Ke7 13. b4 Bd4 14. Bb2 Bd7 15.
b5 axb5 16. cxb5 Bxc3 17. Bxc3 Na5 18. Bb4+ Ke8 19. Ne5 Nd5 20. Rfd1 f6 21. Nxd7
Kxd7 22. Bf3 Nc4 23. Bxd5 exd5 24. Rxd5+ Ke6 25. Rd4 Rac8 26. Re1+ Kf5 27. g4+
Kg6 28. f4 h5 29. Ree4 Nb6 30. f5+ Kg5 31. Bd2+ Kh4 32. g5+ 1-0

[Event "World Senior Teams +65"]
[Site "Radebeul GER"]
[Date "2016.06.26"]
[Round "1.19"]
[Board "1"]
[White "Vogel, Jaap"]
[Black "Johansson, Per"]
[Result "1/2-1/2"]
[WhiteTitle "FM"]
[WhiteElo "2126"]
[BlackElo "1935"]
[WhiteTeam "Oranje 1"]
[BlackTeam "Sweden 3"]
[WhiteFideId "1000764"]
[BlackFideId "1703552"]
[EventDate "2016.06.26"]

1. d4 d5 2. Nf3 Nf6 3. g3 c6 4. Bg2 Bf5 5. O-O e6 6. b3 h6 7. Bb2 a5 8. a3 Be7
9. Nbd2 O-O 10. Ne5 Nbd7 11. c4 Re8 12. h3 Bd6 13. f4 Ne4 14. Nxe4 Bxe4 15. Bxe4
dxe4 16. Qc2 f5 17. Kh2 Nxe5 18. fxe5 Be7 19. e3 Rf8 20. Bc3 b5 1/2-1/2

[Event "World Senior Teams +65"]
[Site "Radebeul GER"]
[Date "2016.06.26"]
[Round "1.19"]
[Board "2"]
[White "Sandklef, Ake"]
[Black "Ghijsen, Pim"]
[Result "0-1"]
[WhiteElo "1917"]
[BlackElo "2174"]
[WhiteTeam "Sweden 3"]
[BlackTeam "Oranje 1"]
[WhiteFideId "1708724"]
[BlackFideId "1002201"]
[EventDate "2016.06.26"]

1. d4 Nf6 2. c4 e6 3. Nf3 d5 4. Nc3 Be7 5. e3 O-O 6. Bd3 c5 7. O-O Nc6 8. b3 b6
9. Bb2 cxd4 10. exd4 Ba6 11. cxd5 Bxd3 12. Qxd3 Nb4 13. Qe2 Nbxd5 14. Nxd5 Nxd5
15. Rac1 Qd7 16. Ne5 Qb7 17. Qf3 Bd6 18. Nd3 Rac8 19. Rxc8 Rxc8 20. Rc1 Rxc1+
21. Nxc1 Qc6 22. Qd1 Nf4 23. f3 Nd5 24. Nd3 Qc7 25. h3 Bh2+ 26. Kh1 Bg3 27. Qc1
Qxc1+ 28. Nxc1 Bd6 29. Nd3 Kf8 30. Kg1 Nf4 31. Nxf4 Bxf4 32. Kf2 g6 33. Ke2 Ke7
34. Kd3 Kd6 35. Ke4 Bh6 36. Ba3+ Kc6 37. g4 Bg7 38. Be7 f5+ 39. Kd3 Kd5 40. Bg5
Bxd4 41. Bf4 Bf6 42. Bd2 e5 43. Bc1 b5 44. Bd2 a6 45. Bc1 Be7 46. Bb2 Bc5 47.
Bc1 Bb4 48. Bb2 Bf8 49. Bc1 Bg7 50. Ke2 e4 51. fxe4+ Kxe4 52. Be3 f4 53. Bd2 Bd4
54. Bc1 f3+ 55. Kf1 Kd3 0-1

[Event "World Senior Teams +65"]
[Site "Radebeul GER"]
[Date "2016.06.26"]
[Round "1.19"]
[Board "3"]
[White "Westerveld, Wim"]
[Black "Forslund, Lennart"]
[Result "1-0"]
[WhiteElo "2157"]
[BlackElo "1856"]
[WhiteTeam "Oranje 1"]
[BlackTeam "Sweden 3"]
[WhiteFideId "1001310"]
[BlackFideId "1720473"]
[EventDate "2016.06.26"]

1. b3 e5 2. Bb2 d6 3. e3 Nf6 4. d3 Be7 5. Ne2 O-O 6. g3 Bd7 7. Bg2 Bc6 8. e4 a5
9. Nbc3 Bd7 10. d4 exd4 11. Nxd4 Nc6 12. h3 Re8 13. O-O Qc8 14. Kh2 h6 15. Re1
Nh7 16. Nd5 Bd8 17. Qd2 Ne5 18. f4 Ng6 19. Nf5 f6 20. Bf3 Be6 21. Bh5 Bf7 22.
Bg4 Qb8 23. c4 c6 24. Nc3 Bc7 25. Rad1 d5 26. exd5 Rxe1 27. Qxe1 Nxf4 28. d6
Bxd6 29. Nxd6 Nh5 30. Nxf7 1-0

[Event "World Senior Teams +65"]
[Site "Radebeul GER"]
[Date "2016.06.26"]
[Round "1.19"]
[Board "4"]
[White "Norevall, Ulf"]
[Black "Van Oosten, Arend"]
[Result "0-1"]
[WhiteElo "1749"]
[BlackElo "2082"]
[WhiteTeam "Sweden 3"]
[BlackTeam "Oranje 1"]
[WhiteFideId "1705555"]
[BlackFideId "1006053"]
[EventDate "2016.06.26"]

1. d4 e6 2. Nf3 f5 3. g3 Nf6 4. Bg2 d5 5. O-O Bd6 6. Bf4 Bxf4 7. gxf4 O-O 8. c4
c6 9. Nc3 Nbd7 10. b3 b6 11. cxd5 cxd5 12. Ne5 Ba6 13. Re1 Rc8 14. Rc1 Qe7 15.
e3 Nxe5 16. fxe5 Ne4 17. Ne2 Rxc1 18. Qxc1 Rc8 19. Qb2 Bxe2 20. Bxe4 Bb5 21. Bb1
Qc7 22. f3 g5 23. Qf2 h6 24. h4 Qg7 25. Kh2 g4 26. e4 Rc3 27. fxg4 Qxg4 28. Rg1
Rh3# 0-1

[Event "World Senior Teams +65"]
[Site "Radebeul GER"]
[Date "2016.06.26"]
[Round "1.20"]
[Board "1"]
[White "Lomer, Edmund"]
[Black "Harestad, Thor Geir"]
[Result "0-1"]
[BlackTitle "FM"]
[WhiteElo "2043"]
[BlackElo "2192"]
[WhiteTeam "Randbauern"]
[BlackTeam "Norway 1"]
[WhiteFideId "4664884"]
[BlackFideId "1500414"]
[EventDate "2016.06.26"]

1. Nf3 g6 2. g3 Bg7 3. d4 c5 4. c3 Nf6 5. Bg2 O-O 6. O-O d6 7. dxc5 dxc5 8. Qxd8
Rxd8 9. Be3 Na6 10. h3 Be6 11. Na3 Nd5 12. Bd2 h6 13. Rfd1 Ndc7 14. Ne1 Rab8 15.
Bf4 g5 16. Be3 b6 17. f4 Bf6 18. Kf2 b5 19. Nac2 Rxd1 20. Rxd1 Bxa2 21. Nf3 Bb3
22. Rd2 Bxc2 23. Rxc2 Nd5 24. fxg5 Nxe3 25. Kxe3 hxg5 26. Nd2 b4 27. Ne4 Be5 28.
Nxg5 Bxg3 29. Bd5 e6 30. Bc4 Rb6 31. Ne4 Bh2 32. Kf3 Nc7 33. Nxc5 bxc3 34. Rxc3
Rxb2 35. Nd3 Rb6 36. Ra3 a6 37. Nf2 Bd6 38. Ra1 f5 39. e4 Kg7 40. exf5 exf5 41.
Nd3 Kf6 42. h4 Rc6 43. Ra4 Be5 44. h5 Bd6 45. Nf4 Kg5 46. Ne2 Be5 47. Bf7 Rd6
48. Ke3 Nb5 49. Ra5 Rc6 50. Be8 Re6 51. Bd7 Re7 52. Bxb5 Bc7+ 53. Kf3 Bxa5 54.
Bxa6 Bb6 55. Ng3 Re3+ 56. Kg2 Rc3 57. h6 Rc2+ 58. Be2 Bd4 59. h7 Kf4 60. Kh2 Rb2
61. Kg2 Bh8 62. Kh3 Rb3 0-1

[Event "World Senior Teams +65"]
[Site "Radebeul GER"]
[Date "2016.06.26"]
[Round "1.20"]
[Board "2"]
[White "Ulrichsen, Jarl H"]
[Black "Schnaitmann, Herbert"]
[Result "1-0"]
[WhiteTitle "FM"]
[WhiteElo "2187"]
[BlackElo "1975"]
[WhiteTeam "Norway 1"]
[BlackTeam "Randbauern"]
[WhiteFideId "1500350"]
[BlackFideId "12916277"]
[EventDate "2016.06.26"]

1. c4 Nc6 2. Nc3 Nf6 3. g3 d5 4. cxd5 Nxd5 5. Bg2 e6 6. Nf3 Be7 7. O-O O-O 8. d4
Rb8 9. e4 Nxc3 10. bxc3 Na5 11. Bf4 b5 12. Nd2 Bd7 13. Qe2 Bg5 14. Bxg5 Qxg5 15.
f4 Qe7 16. Nb3 Nc4 17. e5 Qe8 18. Nc5 Bc6 19. Bxc6 Qxc6 20. g4 Nb6 21. f5 Qd5
22. f6 b4 23. Qe3 gxf6 24. Ne4 Nd7 25. Rxf6 Kh8 26. c4 Qxc4 27. Rc1 Qxa2 28. Rf2
Qa3 29. Qh6 Qd3 30. Ng5 b3 31. Rf5 1-0

[Event "World Senior Teams +65"]
[Site "Radebeul GER"]
[Date "2016.06.26"]
[Round "1.20"]
[Board "3"]
[White "Wenske, Hardy"]
[Black "Gundersen, Helge"]
[Result "1/2-1/2"]
[WhiteElo "1823"]
[BlackElo "2144"]
[WhiteTeam "Randbauern"]
[BlackTeam "Norway 1"]
[WhiteFideId "24611212"]
[BlackFideId "1500465"]
[EventDate "2016.06.26"]

1. Nf3 e6 2. d4 f5 3. Bg5 Be7 4. Bxe7 Qxe7 5. Nbd2 Nf6 6. e3 d6 7. Bc4 Nbd7 8.
O-O O-O 9. Re1 d5 10. Bb3 Ne4 11. g3 Qf6 12. c3 c6 13. Bc2 g5 14. Bd3 Kg7 15.
Bf1 a5 16. Qc2 b6 17. a3 Ba6 18. Bg2 Nd6 19. Rac1 Rac8 20. Qb1 Ra8 21. Qc2 Rfc8
22. Qb1 a4 23. Qc2 Bb5 24. Qb1 h6 25. Qc2 Ra7 26. Qb1 Rca8 1/2-1/2

[Event "World Senior Teams +65"]
[Site "Radebeul GER"]
[Date "2016.06.26"]
[Round "1.20"]
[Board "4"]
[White "Sollid, Stein"]
[Black "Briesemeister, Klaus"]
[Result "1-0"]
[WhiteElo "2014"]
[BlackElo "1756"]
[WhiteTeam "Norway 1"]
[BlackTeam "Randbauern"]
[WhiteFideId "1503057"]
[BlackFideId "24631035"]
[EventDate "2016.06.26"]

1. e4 d6 2. Nf3 Nf6 3. Nc3 g6 4. d4 Bg7 5. Be2 c6 6. a4 a5 7. O-O Nbd7 8. Ne1
O-O 9. Be3 b6 10. f4 Ba6 11. e5 Bxe2 12. Qxe2 Nd5 13. Nxd5 cxd5 14. Qf3 dxe5 15.
fxe5 e6 16. Qh3 Qc7 17. c3 Rfe8 18. Bg5 Rab8 19. Rd1 b5 20. axb5 Rxb5 21. Rd2
Nb6 22. Rff2 Rf8 23. Qh4 Nc8 24. Nd3 Rb6 25. Rf3 Qa7 26. Rh3 Qb7 27. g4 Rxb2 28.
Nxb2 f5 1-0

[Event "World Senior Teams +65"]
[Site "Radebeul GER"]
[Date "2016.06.26"]
[Round "1.21"]
[Board "1"]
[White "Haubt, Georg"]
[Black "Fenwick, Hugh F"]
[Result "1-0"]
[WhiteTitle "FM"]
[WhiteElo "2132"]
[BlackElo "1912"]
[WhiteTeam "Hessen 1"]
[BlackTeam "England 3"]
[WhiteFideId "4604016"]
[BlackFideId "408387"]
[EventDate "2016.06.26"]

1. d4 e6 2. e4 d5 3. Nc3 Bb4 4. exd5 exd5 5. Bd3 Nc6 6. Ne2 Nge7 7. a3 Ba5 8.
Bg5 f6 9. Bf4 Nf5 10. O-O O-O 11. Na4 Ncxd4 12. Nxd4 Nxd4 13. Bxh7+ Kxh7 14.
Qxd4 Bf5 15. c4 dxc4 16. Qc5 Bd3 17. Qxa5 Bxf1 18. Bxc7 Qe8 19. Rxf1 b6 20. Qf5+
g6 21. Qh3+ Kg7 22. Nc3 Qc6 23. Rd1 Rf7 24. Bf4 Rh8 25. Qg3 Rd7 26. Rxd7+ Qxd7
27. Qf3 Re8 28. Be3 b5 29. h4 Re5 30. Qf4 Rh5 31. g3 a5 32. Ne4 Qe7 33. g4 Rxh4
34. Bd4 1-0

[Event "World Senior Teams +65"]
[Site "Radebeul GER"]
[Date "2016.06.26"]
[Round "1.21"]
[Board "2"]
[White "Ewart, Brian R"]
[Black "Zunker, Reinhard"]
[Result "0-1"]
[BlackTitle "FM"]
[WhiteElo "1909"]
[BlackElo "2134"]
[WhiteTeam "England 3"]
[BlackTeam "Hessen 1"]
[WhiteFideId "415065"]
[BlackFideId "4617711"]
[EventDate "2016.06.26"]

1. d4 Nf6 2. c4 g6 3. Nc3 Bg7 4. e4 d6 5. Bg5 Nbd7 6. f4 O-O 7. e5 Ne8 8. c5 f6
9. Bc4+ Kh8 10. Bh4 c6 11. Nf3 dxc5 12. O-O Nb6 13. Bb3 c4 14. Bc2 Nd5 15. Qd2
Bh6 16. g3 Nec7 17. Rae1 Bh3 18. Rf2 Ne6 19. Ne4 Bg4 20. exf6 exf6 21. Ne5 Bf5
22. Nc5 Nxc5 23. Bxf5 Ne7 24. Bc2 Nd3 25. Nxd3 cxd3 26. Bxd3 Nd5 27. g4 Qd7 28.
h3 Rae8 29. Bg3 Rxe1+ 30. Qxe1 Re8 31. Qd2 Re3 32. Kh2 Bg7 33. Bc4 Re4 34. Re2
Qe7 35. Rxe4 Qxe4 36. Qd3 f5 37. Qxe4 fxe4 38. Bxd5 cxd5 39. Bf2 Bf8 40. a3 Bd6
41. Bg3 Kg7 42. Kg2 Kf6 43. Kf2 Ke7 44. Bh4+ Kd7 45. Ke3 Kc6 46. Bf6 Kb5 47. Bg7
Be7 48. f5 Bg5+ 49. Ke2 gxf5 50. gxf5 Bc1 51. b3 Bxa3 52. f6 Bd6 53. f7 Kb4 54.
f8=Q Bxf8 55. Bxf8+ Kxb3 0-1

[Event "World Senior Teams +65"]
[Site "Radebeul GER"]
[Date "2016.06.26"]
[Round "1.21"]
[Board "3"]
[White "Biller, Helmut"]
[Black "Phillips, William"]
[Result "1/2-1/2"]
[WhiteElo "2082"]
[BlackElo "1852"]
[WhiteTeam "Hessen 1"]
[BlackTeam "England 3"]
[WhiteFideId "4676068"]
[BlackFideId "414344"]
[EventDate "2016.06.26"]

1. c4 Nf6 2. g3 e6 3. Bg2 d5 4. d4 Be7 5. Nf3 O-O 6. O-O c6 7. Nbd2 b6 8. Qc2
Bb7 9. b3 Nbd7 10. Bb2 Rc8 11. e4 Nxe4 12. Nxe4 dxe4 13. Qxe4 Nf6 14. Qe2 Qc7
15. Rad1 Rfd8 16. Ne5 c5 17. Bxb7 Qxb7 18. dxc5 Bxc5 19. Qf3 Qxf3 20. Nxf3 Ne4
21. Bd4 Bxd4 22. Rxd4 Rxd4 23. Nxd4 Rd8 24. Nc6 Rd2 25. Nxa7 Rxa2 26. Nc8 Kf8
27. Rd1 Rd2 28. Rxd2 Nxd2 29. Nxb6 Nxb3 30. Kf1 Ke7 31. Ke2 Nc5 32. Ke3 e5 33.
Nd5+ Ke6 34. f4 f6 35. fxe5 fxe5 36. g4 g6 37. Nc3 h5 38. h3 hxg4 39. hxg4 Ke7
40. Ne4 Ne6 41. Nf2 Ng5 42. Ne4 Ne6 43. Nf2 1/2-1/2

[Event "World Senior Teams +65"]
[Site "Radebeul GER"]
[Date "2016.06.26"]
[Round "1.21"]
[Board "4"]
[White "Scowen, Roger S"]
[Black "Mueller, Horst2"]
[Result "0-1"]
[WhiteElo "1849"]
[BlackElo "2165"]
[WhiteTeam "England 3"]
[BlackTeam "Hessen 1"]
[WhiteFideId "418293"]
[BlackFideId "4679660"]
[EventDate "2016.06.26"]

1. e4 c5 2. Nf3 d6 3. Bb5+ Nd7 4. O-O e6 5. d4 cxd4 6. Qxd4 e5 7. Qa4 Be7 8. c4
h6 9. Nc3 Nf6 10. Qc2 O-O 11. Bxd7 Bxd7 12. b3 Bg4 13. h3 Be6 14. Nd5 Nxd5 15.
exd5 Bd7 16. Ba3 b6 17. Nd2 f5 18. f4 e4 19. Rac1 Rc8 20. b4 Qe8 21. Nb3 Ba4 22.
Qe2 Bxb3 23. axb3 Qf7 24. b5 Rfe8 25. Ra1 Rc7 26. Ra2 Rd7 27. Rfa1 Bf8 28. Bb2
Ree7 29. Bd4 Kh7 30. Qe3 g6 31. Qc3 Qe8 32. Bf6 Rf7 33. Bd4 Qd8 34. Kh2 g5 35.
g3 gxf4 36. gxf4 Bg7 37. Rg1 Qh4 38. Rf2 Qxf2+ 0-1

[Event "World Senior Teams +65"]
[Site "Radebeul GER"]
[Date "2016.06.26"]
[Round "1.22"]
[Board "1"]
[White "Taksrud, Vidar"]
[Black "Haase, Wolfgang"]
[Result "1-0"]
[WhiteElo "1979"]
[BlackElo "2144"]
[WhiteTeam "Norway 3"]
[BlackTeam "Hessen 2"]
[WhiteFideId "1502158"]
[BlackFideId "4627440"]
[EventDate "2016.06.26"]

1. d4 g6 2. Nf3 f5 3. Nc3 Nf6 4. Bg5 Bg7 5. e3 d5 6. Bd3 Nbd7 7. Qe2 c6 8. Bf4
Ne4 9. Bxe4 fxe4 10. Ng5 Nf6 11. h4 h6 12. Nh3 Bf5 13. Be5 Qd7 14. Nf4 O-O-O 15.
Na4 b6 16. c4 g5 17. cxd5 Kb7 18. Ne6 Bxe6 19. dxe6 Qxe6 20. Nc3 Ne8 21. Bxg7
Nxg7 22. hxg5 hxg5 23. Rxh8 Rxh8 24. O-O-O Rd8 25. Qc2 Rf8 26. Rd2 Rf5 27. g4
Ra5 28. b4 Ra3 29. d5 Qf6 30. Kb2 Rxc3 31. Qxc3 cxd5 32. Qxf6 exf6 33. Rxd5 Kc6
34. Rd4 Ne6 35. Rxe4 Kd5 36. Rxe6 Kxe6 37. Kc3 f5 38. gxf5+ Kxf5 39. Kd4 g4 40.
b5 Ke6 41. e4 Kd6 42. e5+ Ke6 43. a4 Ke7 44. Kd5 Kd7 45. e6+ Ke7 46. Ke5 Ke8 47.
Kd6 Kd8 48. e7+ Ke8 49. Ke6 g3 50. fxg3 a6 51. bxa6 b5 52. a7 1-0

[Event "World Senior Teams +65"]
[Site "Radebeul GER"]
[Date "2016.06.26"]
[Round "1.22"]
[Board "2"]
[White "Benninger, Rudolf"]
[Black "Nordby, Bernt"]
[Result "1-0"]
[WhiteElo "2099"]
[BlackElo "2017"]
[WhiteTeam "Hessen 2"]
[BlackTeam "Norway 3"]
[WhiteFideId "4699564"]
[BlackFideId "1500694"]
[EventDate "2016.06.26"]

1. e4 e6 2. d4 d5 3. e5 c5 4. c3 Qb6 5. Nf3 Nc6 6. a3 Nh6 7. b4 cxd4 8. cxd4 Nf5
9. Be3 Bd7 10. Nc3 Nxe3 11. fxe3 Nxb4 12. axb4 Bxb4 13. Qd3 Rc8 14. Rc1 Qa5 15.
Be2 Rxc3 16. Rxc3 Bxc3+ 17. Kf2 a6 18. Rc1 Bb4 19. Ng5 g6 20. h4 h6 21. Nh3 O-O
22. Nf4 Bb5 23. Qc2 Bxe2 24. Kxe2 Kg7 25. Rf1 Qb5+ 26. Kf2 Qc4 27. Qb1 Rc8 28.
Kg1 Rc7 29. h5 Rc6 30. hxg6 Bd2 31. Nh5+ Kg8 32. Nf6+ Kg7 33. Ne8+ Kg8 34. Rxf7
Bxe3+ 35. Kh2 Bg5 36. Qxb7 1-0

[Event "World Senior Teams +65"]
[Site "Radebeul GER"]
[Date "2016.06.26"]
[Round "1.22"]
[Board "4"]
[White "Falk, Thomas"]
[Black "Tveten, Per"]
[Result "1-0"]
[WhiteElo "2094"]
[BlackElo "1537"]
[WhiteTeam "Hessen 2"]
[BlackTeam "Norway 3"]
[WhiteFideId "4634624"]
[BlackFideId "1516701"]
[EventDate "2016.06.26"]

1. d4 d5 2. c4 c6 3. Nf3 Bf5 4. cxd5 cxd5 5. Qb3 b6 6. Nc3 e6 7. e4 dxe4 8. Bb5+
Nd7 9. Ne5 Nf6 10. Bg5 Be7 11. Bxf6 gxf6 12. Nxd7 1-0

[Event "World Senior Teams +65"]
[Site "Radebeul GER"]
[Date "2016.06.26"]
[Round "1.23"]
[Board "2"]
[White "Chaabani, Abdelkader"]
[Black "Dueckstein, Andreas"]
[Result "1/2-1/2"]
[BlackTitle "IM"]
[WhiteElo "1728"]
[BlackElo "2084"]
[WhiteTeam "Tunisia"]
[BlackTeam "Wien 1"]
[WhiteFideId "5501989"]
[BlackFideId "1600168"]
[EventDate "2016.06.26"]

1. d4 Nf6 2. c4 e6 3. Nf3 Bb4+ 4. Bd2 Qe7 5. Nc3 b6 6. e3 Bb7 7. Be2 O-O 8. Rc1
c5 9. a3 Bxc3 10. Bxc3 Ne4 11. O-O d6 12. Nd2 Nxc3 13. bxc3 e5 14. Bf3 e4 15.
Be2 f5 16. Re1 Nd7 17. Nf1 Nf6 18. Qd2 Rad8 19. Ng3 g6 20. Bf1 Qf7 21. Qc2 h5
22. Qa4 Ba8 23. Rb1 h4 24. Nh1 Qc7 25. Rb2 Bc6 26. Qc2 Qd7 27. Reb1 Ba4 28. Qd2
Qg7 29. Be2 g5 30. Bd1 Bxd1 31. Qxd1 f4 32. Rd2 cxd4 33. cxd4 Qh6 34. Rb3 Rd7
35. Rc2 Kh8 36. Qe2 Rg7 37. c5 bxc5 38. dxc5 dxc5 39. Rxc5 f3 40. gxf3 exf3 41.
Qxf3 Nd7 42. Rf5 Rc8 43. Rb1 Qd6 44. a4 Ne5 45. Qe4 Rc5 46. Qb4 Rc1+ 47. Kg2
Qxb4 48. Rxb4 Nd3 49. Rb8+ Kh7 50. h3 Ne1+ 51. Kh2 Nd3 52. Rbb5 Kh6 53. Rbd5 Nb4
54. Rd6+ Kh7 55. Rff6 Rcc7 56. Kg2 Nc2 57. Rc6 Ne1+ 58. Kf1 Rxc6 59. Rxc6 Nf3
60. Kg2 Ne5 61. Rc3 Rd7 62. Rc1 Kg6 63. f4 gxf4 64. exf4 Nd3 65. Rc4 Kf5 66. Kf3
Rd5 67. Nf2 Nxf2 68. Kxf2 Rd3 69. Kg2 Rd2+ 1/2-1/2

[Event "World Senior Teams +65"]
[Site "Radebeul GER"]
[Date "2016.06.26"]
[Round "1.23"]
[Board "3"]
[White "Strobel, Ferdinand"]
[Black "Aroua, Ahmed"]
[Result "1-0"]
[WhiteTitle "FM"]
[WhiteElo "2037"]
[BlackElo "1516"]
[WhiteTeam "Wien 1"]
[BlackTeam "Tunisia"]
[WhiteFideId "1600290"]
[BlackFideId "5502497"]
[EventDate "2016.06.26"]

1. f4 d5 2. Nf3 Nf6 3. g3 Nc6 4. Bg2 Bf5 5. d3 e6 6. c3 Rb8 7. a4 Be7 8. O-O Ng4
9. h3 h5 10. hxg4 hxg4 11. Nd4 Nxd4 12. cxd4 c5 13. dxc5 Bxc5+ 14. d4 Be7 15.
Nc3 Rc8 16. Qb3 Bh4 17. Nd1 Bf6 18. Be3 Qd7 19. Nc3 Rc4 20. Qb5 Bxd4 21. Bxd4
Rxd4 22. Qxd7+ Kxd7 23. Rfd1 Rb4 24. e4 1-0

[Event "World Senior Teams +65"]
[Site "Radebeul GER"]
[Date "2016.06.26"]
[Round "1.24"]
[Board "3"]
[White "Gafke, Manfred"]
[Black "Selig, Rainer"]
[Result "0-1"]
[WhiteElo "1816"]
[BlackElo "2139"]
[WhiteTeam "Dresdner Seniorenklub"]
[BlackTeam "Oberlausitz"]
[WhiteFideId "24602493"]
[BlackFideId "24646105"]
[EventDate "2016.06.26"]

1. d4 d5 2. Nc3 Nf6 3. Nf3 c6 4. h3 Bf5 5. Bf4 Nbd7 6. e3 e6 7. Bd3 Bg6 8. O-O
Bh5 9. Be2 Be7 10. Ne5 Bxe2 11. Nxe2 O-O 12. c3 c5 13. dxc5 Nxc5 14. Nd4 Nfe4
15. Ndf3 Rc8 16. Nd3 Qb6 17. Nxc5 Bxc5 18. Qe2 Rfd8 19. Be5 f6 20. Bd4 e5 21.
Bxc5 Nxc5 22. Rfc1 Qe6 23. Rc2 a6 24. Rac1 b5 25. b3 Qf7 26. c4 bxc4 27. bxc4 d4
28. Rd1 d3 29. Rcd2 Qxc4 30. Qf1 e4 31. Nd4 Na4 32. Kh1 Qc3 33. Nb3 Qe5 34. Nd4
Rc7 35. f3 f5 36. f4 Qd5 37. Rc1 Rdc8 38. Rxc7 Rxc7 39. Qb1 Qb7 40. Qd1 Nc3 41.
Qh5 g6 42. Qg5 Qc8 43. h4 Nd5 44. h5 Rg7 45. Kh2 Nxe3 46. Rb2 gxh5 47. Qxh5 d2
48. Rb1 Rxg2+ 49. Kh3 Rg6 50. Ne6 Rxe6 51. Rg1+ Ng4 0-1

[Event "World Senior Teams +65"]
[Site "Radebeul GER"]
[Date "2016.06.26"]
[Round "1.24"]
[Board "4"]
[White "Byhan, Gert"]
[Black "Neffe, Guenther"]
[Result "1-0"]
[WhiteElo "1953"]
[BlackElo "1606"]
[WhiteTeam "Oberlausitz"]
[BlackTeam "Dresdner Seniorenklub"]
[WhiteFideId "4648200"]
[BlackFideId "12903388"]
[EventDate "2016.06.26"]

1. e4 e6 2. d4 d5 3. Nd2 Ne7 4. Ngf3 g6 5. Bd3 f6 6. O-O Bg7 7. exd5 Nxd5 8. Ne4
b6 9. c4 Ne7 10. Nc3 Bb7 11. Qe2 Qd7 12. Re1 Bc8 13. Be4 c6 14. d5 O-O 15. dxe6
Qxe6 16. Qf1 Re8 17. Bd5 cxd5 18. Rxe6 Bxe6 19. Nd4 Bf7 20. Ndb5 Rc8 21. Nd6 Rc7
22. Nxf7 Kxf7 23. cxd5 Rd7 24. Bf4 Nxd5 25. Nxd5 Rxd5 26. Qc4 1-0